[Event "Asia-ch U20 26th"]
[Site "Negombo"]
[Date "2003.07.23"]
[Round "7"]
[White "Dehigama, DRNKB"]
[Black "Arun Prasad, Subramanian"]
[Result "0-1"]
[WhiteElo "2040"]
[BlackElo "2296"]
[PlyCount "60"]
[EventDate "2003.07.18"]
[EventType "swiss"]
[EventRounds "10"]
[EventCountry "SRI"]
[SourceTitle "CBM 095 Extra"]
[Source "ChessBase"]
[SourceDate "2003.09.04"]
[SourceVersion "1"]
[SourceVersionDate "2003.09.04"]
[SourceQuality "1"]

1. e4 c5 2. Nc3 Nc6 3. g3 g6 4. Bg2 Bg7 5. d3 d6 6. f4 Nf6 7. Nf3 0-0 8. 0-0 Rb8 9. a4 a6 10. h3 b5 11. axb5 axb5 12. Be3 b4 13. Ne2 Bb7 14. Qd2 Qb6 15. g4 Nd7 16. c3 Ra8 17. f5 Nce5 18. Bh6 Nxf3+ 19. Bxf3 Rxa1 20. Rxa1 Ne5 21. Bg2 bxc3 22. bxc3 Bxh6 23. Qxh6 Qb2 24. Ra7 Qxe2 25. Rxb7 Ra8 26. Qc1 Ra2 27. Qf1 Qe3+ 28. Kh1 Rf2 29. Qd1 Qg3 30. Qg1 Nf3 0-1

[Event "Asia-ch U20 26th"]
[Site "Negombo"]
[Date "2003.07.19"]
[Round "1"]
[White "Dehigama, DRNKB"]
[Black "Poobesh Anand, Selvaraj"]
[Result "0-1"]
[WhiteElo "2040"]
[BlackElo "2329"]
[PlyCount "78"]
[EventDate "2003.07.18"]
[EventType "swiss"]
[EventRounds "10"]
[EventCountry "SRI"]
[SourceTitle "CBM 095 Extra"]
[Source "ChessBase"]
[SourceDate "2003.09.04"]
[SourceVersion "1"]
[SourceVersionDate "2003.09.04"]
[SourceQuality "1"]

1. e4 c5 2. Nc3 Nc6 3. f4 g6 4. Nf3 Bg7 5. g3 d6 6. Bg2 e6 7. d3 Nge7 8. 0-0 0-0 9. Be3 Nd4 10. Rb1 Nec6 11. Ne2 Rb8 12. c3 Nxf3+ 13. Bxf3 b6 14. g4 Bb7 15. Ng3 Re8 16. Qd2 Qd7 17. f5 exf5 18. gxf5 Kh8 19. Bh6 Be5 20. Bg4 f6 21. Qe2 g5 22. Nh5 Rg8 23. Kh1 d5 24. h4 dxe4 25. dxe4 Nd8 26. hxg5 Nf7 27. Rg1 Qc6 28. Rbe1 fxg5 29. Bg7+ Bxg7 30. Nxg7 Rxg7 31. Qh2 Re8 32. Bf3 Ne5 33. Bg2 Ng4 34. Qg3 Qh6+ 35. Bh3 Nf2+ 36. Kh2 Nxh3 37. Qxh3 Qxh3+ 38. Kxh3 Bxe4 39. Kg4 Rf7 0-1

[Event "Asia-ch U26"]
[Site "Negombo"]
[Date "2003.??.??"]
[Round "?"]
[White "Mehdi, Hasan Parag"]
[Black "Dehigama, DRNKB"]
[Result "1-0"]
[WhiteElo "2218"]
[BlackElo "2040"]
[PlyCount "82"]
[EventDate "2003.07.??"]
[EventType "swiss"]
[EventRounds "7"]
[EventCountry "SRI"]
[SourceTitle "EXT 2007"]
[Source "ChessBase"]
[SourceDate "2006.11.23"]
[SourceVersion "1"]
[SourceVersionDate "2006.11.23"]
[SourceQuality "1"]

1. e4 Nf6 2. e5 Nd5 3. c4 Nb6 4. d4 d6 5. f4 g6 6. Nc3 dxe5 7. fxe5 Nc6 8. Be3 Bg7 9. Be2 Bf5 10. Nf3 Qd7 11. 0-0 Rd8 12. Qd2 Nxe5 13. dxe5 Qxd2 14. Bxd2 Bxe5 15. Bh6 Bxc3 16. bxc3 f6 17. Nd4 Bd7 18. Rae1 Kf7 19. Bf4 Rc8 20. c5 Nd5 21. Bc4 c6 22. Rb1 b6 23. cxb6 axb6 24. Rxb6 Ke8 25. Bxd5 cxd5 26. Bd2 Kf7 27. Nb5 Ra8 28. Ra1 Rhc8 29. a4 Rc5 30. Rd1 e5 31. Rb7 Ke7 32. Bc1 Kd8 33. Be3 Rc4 34. Bb6+ Ke7 35. a5 Rcc8 36. Nc7 Bc6 37. Nxa8+ Bxb7 38. Nc7 Kd7 39. a6 Bxa6 40. Nxa6 Rxc3 41. Nb4 Ke6 1-0